000 00562nam a2200193Ia 4500
999 _c36987
_d36987
003 OSt
005 20201217132730.0
008 190216s9999||||xx |||||||||||||| ||und||
020 _a9788171300105
040 _coclc
082 _a423.94812
_bPIL/E
100 _aPillai, T Ramalingam
_97637
245 0 _aEnglish English Malayalam Dictionary /
_cT Ramalingam Pillai
250 _aNew Ed.
260 _bDc Books,
_aKottayam:
_c2009.
300 _a1324p
650 _aReferences
942 _cREF
_2ddc
_h423.94812
_iPIL/E
_k423.94812
_mPIL/E